000 00300nam a22001337a 4500
008 170620b xxu||||| |||| 00| 0 eng d
020 _a9781608716425
041 _aeng
080 _213
_a32
100 _a20
101 _aSHP
245 _aCONGRESS AND ITS MEMEBERS
_cDAVIDSON,R.H
942 _2udc
_cBK
999 _c18229
_d18229